Statistiche per Abbina i piatti alle regioni italiane

Clicka qui per fare il quiz!

Statistiche generali

  • Questo quiz è stato fatto 582 volte
  • Il punteggio medio è 12 su 20

Statistiche sulle risposte

HintRisposta% Corretto
CarbonaraLazio
95%
arancinisicilia
95%
TortelliniEmilia romagna
89%
PestoLiguria
89%
MozzarellaCampania
86%
Pane FrattauSardegna
84%
ndujacalabria
82%
Orecchiette e rapePuglia
81%
olive all'ascolanamarche
78%
arrosticiniabruzzo
73%
NorcinaUmbria
59%
CanederliTrentino
57%
Bagna CaudaPiemonte
54%
polentalombardia
46%
Risi e bisiVeneto
45%
FricoFriuli Venezia Giulia
29%
PanzanellaToscana
26%
Polenta ConciaValle d'aosta
21%
Lagane e ceciBasilicata
17%
CompostaMolise
15%

Distribuzione punteggi

Percentile per numero di risposta

Percentuale di utenti per punteggio

I tuoi punteggi nel tempo

Non hai fatto questo quiz